MAASAI MARA UNIVERSITY

LIBRARY CATALOGUE

Contact Us: +254 020 2685356/7 or 0774 057787

Box: 861-20500, NAROK, KENYA

Email: info@mmarau.ac.ke

Herbicides in Asian rice : (Record no. 19300)

MARC details
000 -LEADER
fixed length control field 00741nam a22002057a 4500
001 - CONTROL NUMBER
control field 11822209
003 - CONTROL NUMBER IDENTIFIER
control field OSt
005 - DATE AND TIME OF LATEST TRANSACTION
control field 20210114101011.0
008 - FIXED-LENGTH DATA ELEMENTS--GENERAL INFORMATION
fixed length control field 161006b xxu||||| |||| 00| 0 eng d
010 ## - LIBRARY OF CONGRESS CONTROL NUMBER
LC control number 98947768
020 ## - INTERNATIONAL STANDARD BOOK NUMBER
International Standard Book Number 9712200930
040 ## - CATALOGING SOURCE
Original cataloging agency MMU
Transcribing agency MMU
Language of cataloging eng
Modifying agency MMU
050 00 - LIBRARY OF CONGRESS CALL NUMBER
Classification number S7351 .H473 1996
245 00 - TITLE STATEMENT
Title Herbicides in Asian rice :
Remainder of title transitions in weed management /
Statement of responsibility, etc. edited by Rosamond Naylor.
260 ## - PUBLICATION, DISTRIBUTION, ETC. (IMPRINT)
Place of publication, distribution, etc. Stanford, Calif., U.S.A. :
Name of publisher, distributor, etc. Stanford University, Institute for International Studies ;
Place of publication, distribution, etc. Manila, Philippines :
Name of publisher, distributor, etc. International Rice Research Institute,
Date of publication, distribution, etc. 1996.
300 ## - PHYSICAL DESCRIPTION
Extent xiii, 270 p. :
Other physical details ill. ;
Dimensions 23 cm.
500 ## - GENERAL NOTE
General note Includes bibliographical references.
700 1# - ADDED ENTRY--PERSONAL NAME
Personal name Naylor, Rosamond.
942 ## - ADDED ENTRY ELEMENTS (KOHA)
Source of classification or shelving scheme Library of Congress Classification
Koha item type SL
Holdings
Withdrawn status Lost status Source of classification or shelving scheme Damaged status Not for loan Home library Current library Date acquired Source of acquisition Total Checkouts Full call number Barcode Date last seen Price effective from Koha item type
    Library of Congress Classification     Maasai Mara University Library -Main Campus Maasai Mara University Library -Main Campus 10/06/2016 Donation   S7351 .H473 1996 201618042 10/06/2016 10/06/2016 SL
© 2016 Maasai Mara University.